00290nam a2200109Ia 4500008004100000100003400041245004100075260003300116300000900149942000700158999001500165190216s9999||||xx |||||||||||||| ||und|| aEverete. Adam7 Ronald J Ebert 0aProduction And Operations Management bPrintice Hall Of Indiac2000 a729p cBK c6120d6120